000 01044nam a22002297a 4500
005 20250911174901.0
008 240208b ||||| |||| 00| 0 eng d
082 _aDPer 621.381 In821 April 2022 v. 37 n. 4
100 _aLiu, Xing.
_eauthor.
_951874
245 _aNeural predictor-based low switching frequency FCS-MPC for MMC with online weighting factors tuning /
_cXing Liu, Lin Qiu, Wenjie Wu, Jien Ma, Youtong Fang, Zhouhua Peng, and Dan Wang.
260 _aNew York ;
_bThe Institute of Electrical and Electronics Engineers, Inc. ,
_cApril 2022.
300 _aVolume 37, pages 4065-4079 :
_billustration ;
_c28 cm.
500 _aIEEE Transaction on Power Electronics, vol. 37, no. 4, pages 4065-4079, April 2022.
700 _aLiu, Xing.
_eauthor.
_951874
700 _aQiu, Lin.
_eauthor.
_951875
700 _aWu, Wenjie.
_eauthor.
_951876
700 _aMa, Jien.
_eauthor.
_951877
700 _aFang, Youtong.
_eauthor.
_951878
700 _aPeng, Zhouhua.
_eauthor.
_951879
700 _aWang, Dan.
_eauthor.
_951880
942 _2ddc
_cPER
999 _c19005
_d19005